| 000 | 00339nam a2200109Ia 4500 | ||
|---|---|---|---|
| 008 | 171211s9999 xx 000 0 und d | ||
| 245 | _aMy Music, My War : The Listening Habits of U.S. Troops in Iraq and Afghanistan | ||
| 245 | _cLisa Gilman | ||
| 260 | _c2016 | ||
| 650 | _xmusic | ||
| 856 | _uhttp://down.ebook777.com/060/9780819576002.pdf | ||
| 999 |
_c348693 _d348693 |
||